000 00499nam a2200193Ia 4500
005 20240823050203.0
008 240823s9999||||xx |||||||||||||| ||und||
020 _a81-224-1389-7
041 _aENGLISH
082 _A624 P9
100 _aChandra A M
245 0 _aSurveying : Problem Solving with Theory and Objective type Questions
250 _a1st
260 _c2009
_bNew Age International (P
_aNew Delhi
500 _aYES
650 _aSurveying
_bCivil
942 _cBK
999 _c216675
_d216675